000
00282nam a2200121Ia 4500
008
140130s9999 xx 000 0 und d
245
_c
Raschka, Chris
_a
Charlie Parker played be bop
260
_b
Scholastic,
_c
1992
440
_v
1
521
_a
BR
942
_c
BK
999
_c
39859
_d
39859